• 首页
  • 本馆介绍
  • 公告通知
  • 最新文献
  • 馆藏检索
  • 电子资源
  • 读者导购
  • 参考咨询
  • 我的图书馆
  • 登录
  • 详细信息显示
  • 放入我的书架
  • 预约/预借图书
  • 作者相关作品
  • 分类相关作品
  • 丛书相关作品
  • 出版社相关作品

书目信息

  • 表格格式
  • 工作单格式
  • 卡片格式
题名:
高血脂患者的1000个生活宜忌
    
 
作者: 李立祥 主编
分册:  
出版信息: 北京   电子工业出版社  2017.02
页数: 216页
开本: 24cm
丛书名:
单 册:
中图分类: R589.2
科图分类:
主题词: 高血脂病--防治
电子资源:
ISBN: 978-7-121-30497-2
000 00836nam0 2200217 450
001 341
005 20180922081647.74
010    @a978-7-121-30497-2@dCNY49.80
100    @a20170427d2017 em y0chiy50 ea
101 0  @achi
102    @aCN@b110000
105    @aa z 000yy
200 1  @a高血脂患者的1000个生活宜忌@9gao xue zhi huan zhe de 1000 ge sheng huo yi ji@f李立祥主编
210    @a北京@c电子工业出版社@d2017.02
215    @a216页@c彩图@d24cm
330    @a本书以宜与忌的方式,针对日常生活中高血脂护理的的相关知识及具体措施进行了详细解读。内容涉及高血脂患者所需知道的方方面面的知识,包括饮食营养、康复运动、生活起居、日常工作、心理调养、诊疗用药、并发症防治、不同人群调养等。
606 0  @a高血脂病@x防治
690    @aR589.2@v5
701  0 @a李立祥@9li li xiang@4主编
801  0 @aCN@b91MARC@c20170427
905    @aMuseLib@dR589.2@e143
    
    高血脂患者的1000个生活宜忌/李立祥主编.-北京:电子工业出版社,2017.02
    216页:彩图;24cm
    
    
    ISBN 978-7-121-30497-2:CNY49.80
    本书以宜与忌的方式,针对日常生活中高血脂护理的的相关知识及具体措施进行了详细解读。内容涉及高血脂患者所需知道的方方面面的知识,包括饮食营养、康复运动、生活起居、日常工作、心理调养、诊疗用药、并发症防治、不同人群调养等。
●
相关链接 在E读中查询图书 在五车中查询图书 在当当中查询图书 在豆瓣中查询图书


正题名:高血脂患者的1000个生活宜忌     索取号:R589.2/143         预约/预借

序号 登录号 条形码 馆藏地/架位号 状态 备注
1 1119424   211194241   第二样本阅览室/ [索取号:R589.2/143] 在馆    
2 1119425   211194250   第三借阅区/ [索取号:R589.2/143] 在馆    
3 1119426   211194269   第三借阅区/ [索取号:R589.2/143] 在馆    
4 1119427   211194278   第三借阅区/ [索取号:R589.2/143] 在馆    
5 1119428   211194287   密集书库-生命科学系/ [索取号:R589.2/143] 在馆    
唐山师范学院图书馆 欢迎您!
大连网信软件有限公司© 版权所有